[Event "Washington Chess Congress"]
[Site "Washington D.C."]
[Date "2015.10.08"]
[Round "3.19"]
[White "Huang, Andy"]
[Black "Helfst, Matt"]
[Result "1-0"]
[WhiteElo "1965"]
[BlackElo "1938"]
[PlyCount "99"]
[EventDate "2015.10.??"]
[EventType "swiss"]
[EventRounds "9"]
[EventCountry "USA"]

1. Nf3 d5 2. b3 Bf5 3. Bb2 e6 4. c4 Nf6 5. g3 h6 6. Bg2 Be7 7. O-O O-O 8. d4 c6
9. Nc3 Nbd7 10. Nd2 Rc8 11. e4 dxe4 12. Ndxe4 Nxe4 13. Nxe4 Nf6 14. Nc5 Qb6 15.
Qd2 Rfd8 16. Qf4 Bd6 17. Qe3 Ng4 18. Qc3 e5 19. Na4 Qxd4 20. Qa5 Bc7 21. Qb4
Qd7 22. Qxb7 Bb8 23. Qxd7 Rxd7 24. Rfd1 Rxd1+ 25. Rxd1 e4 26. Re1 Re8 27. f3
Ne5 28. fxe4 Bg4 29. h3 Nf3+ 30. Bxf3 Bxf3 31. e5 Bh5 32. g4 Bg6 33. Nc5 Bc7
34. Na6 Ba5 35. b4 Bb6+ 36. c5 Bd8 37. Rd1 Bg5 38. Rd7 Re7 39. Nb8 Be4 40. Rxe7
Bxe7 41. Nd7 Bd5 42. a4 Bb3 43. b5 cxb5 44. axb5 Ba4 45. c6 Bxb5 46. Nb8 Bd8
47. e6 fxe6 48. Be5 Bb6+ 49. Kh2 a5 50. c7 1-0

[Event "Washington Chess Congress"]
[Site "Washington D.C."]
[Date "2015.10.08"]
[Round "3.20"]
[White "Balck, Eric"]
[Black "Strenzwilk, Denis"]
[Result "1-0"]
[WhiteElo "1974"]
[BlackElo "1852"]
[PlyCount "113"]
[EventDate "2015.10.??"]
[EventType "swiss"]
[EventRounds "9"]
[EventCountry "USA"]

1. e4 c5 2. Nf3 Nc6 3. Bb5 e6 4. Bxc6 bxc6 5. O-O Ne7 6. d3 Ng6 7. e5 d5 8.
exd6 Bxd6 9. Nc3 O-O 10. Ne4 f5 11. Nxd6 Qxd6 12. b3 Bd7 13. Ba3 a5 14. d4 Rfe8
15. Bxc5 Qc7 16. Re1 a4 17. h4 axb3 18. cxb3 Qd8 19. g3 Bc8 20. h5 Nf8 21. Ne5
Qd5 22. Nd3 Ba6 23. Nb4 Qd7 24. Qf3 Bb7 25. a4 Qc7 26. Nd3 Nd7 27. b4 Ba6 28.
Rec1 Bxd3 29. Qxd3 Nf6 30. Qf3 Ne4 31. a5 Qd7 32. Bb6 Qd5 33. Rc2 Qb5 34. Qb3
Nf6 35. Qc4 Nxh5 36. Qxb5 cxb5 37. Rc5 Nf6 38. Rac1 Nd5 39. Rxb5 f4 40. Kg2
fxg3 41. Kxg3 Rf8 42. Rxd5 exd5 43. b5 Rf6 44. f4 Rb8 45. Rc5 Rfxb6 46. axb6
Rxb6 47. Rxd5 Kf7 48. Rc5 Ke6 49. d5+ Ke7 50. Kf3 Rh6 51. Rc7+ Kf8 52. Ke4 Rh1
53. b6 Re1+ 54. Kf5 Rd1 55. b7 Rxd5+ 56. Ke6 Rd8 57. Rc8 1-0

[Event "Washington Chess Congress"]
[Site "Washington D.C."]
[Date "2015.10.08"]
[Round "3.21"]
[White "Yagiz, Bora"]
[Black "Collier, Philip"]
[Result "1/2-1/2"]
[WhiteElo "1952"]
[BlackElo "1837"]
[PlyCount "35"]
[EventDate "2015.10.??"]
[EventType "swiss"]
[EventRounds "9"]
[EventCountry "USA"]

1. e4 c5 2. Nf3 d6 3. d4 cxd4 4. Nxd4 Nf6 5. Nc3 a6 6. Be3 e6 7. f3 h5 8. Qd2
Nbd7 9. Bc4 Nc5 10. b4 d5 11. Be2 Ncd7 12. exd5 exd5 13. a3 Ne5 14. Nb3 Be6 15.
Nc5 Qc7 16. N3a4 Ned7 17. Bd3 Bd6 18. f4 1/2-1/2

[Event "Washington Chess Congress"]
[Site "Washington D.C."]
[Date "2015.10.09"]
[Round "4.1"]
[White "El Debs, Felipe de Cresce"]
[Black "Velikanov, Alexander"]
[Result "1-0"]
[WhiteElo "2503"]
[BlackElo "2304"]
[PlyCount "83"]
[EventDate "2015.10.??"]
[EventType "swiss"]
[EventRounds "9"]
[EventCountry "USA"]

1. d4 Nf6 2. c4 g6 3. Nc3 d5 4. Bf4 Bg7 5. e3 O-O 6. Qb3 c5 7. cxd5 cxd4 8.
exd4 Nbd7 9. Be2 Nb6 10. Bf3 Bg4 11. Bxg4 Nxg4 12. Nf3 Nf6 13. d6 exd6 14. O-O
Nh5 15. Bg5 Qd7 16. Rfe1 Rfe8 17. Nb5 h6 18. Be3 d5 19. Ne5 Qd8 20. Rac1 Re7
21. Bd2 a6 22. Nc3 Nc4 23. Nxd5 Rxe5 24. dxe5 Qxd5 25. Rxc4 Qxd2 26. Rd1 Qg5
27. Qxb7 Re8 28. Rc8 Qxe5 29. Rxe8+ Qxe8 30. Qxa6 Bxb2 31. Qc4 Qe5 32. g3 Nf6
33. a4 h5 34. Qb5 Ng4 35. Qxe5 Nxe5 36. a5 Bd4 37. a6 Ba7 38. Rd8+ Kg7 39. Kg2
Ng4 40. f4 Ne3+ 41. Kf3 Nc2 42. Rd7 1-0

[Event "Washington Chess Congress"]
[Site "Washington D.C."]
[Date "2015.10.09"]
[Round "4.2"]
[White "Sarkar, Justin"]
[Black "Erenburg, Sergey"]
[Result "1/2-1/2"]
[WhiteElo "2588"]
[BlackElo "2588"]
[PlyCount "98"]
[EventDate "2015.10.??"]
[EventType "swiss"]
[EventRounds "9"]
[EventCountry "USA"]

1. e4 c6 2. d4 d5 3. e5 Bf5 4. Nd2 e6 5. Nb3 Nd7 6. Nf3 a6 7. Be2 c5 8. dxc5
Bxc5 9. Nxc5 Nxc5 10. O-O Ne7 11. Nh4 Be4 12. f3 Bg6 13. Be3 Rc8 14. Qd2 Nf5
15. Nxf5 Bxf5 16. Bd4 O-O 17. a4 Nd7 18. c3 Qc7 19. Qe3 f6 20. f4 fxe5 21. fxe5
Nc5 22. a5 Ne4 23. Rf4 Bg6 24. Bg4 Rxf4 25. Qxf4 Qf7 26. Qxf7+ Kxf7 27. Ra4 h5
28. Bd1 Rc7 29. Rb4 Kf8 30. Rb6 Ke7 31. Be3 Be8 32. Rb4 g6 33. Be2 Bc6 34. Bd3
Rc8 35. h4 Kd7 36. c4 Rf8 37. cxd5 exd5 38. Rd4 Ke6 39. Bxe4 dxe4 40. Rd6+ Kxe5
41. Rxg6 Rf5 42. Kh2 Bd5 43. Kg3 Bc4 44. Rh6 Be2 45. Rh7 Ke6 46. Rxb7 Rxa5 47.
Rb6+ Kd5 48. Kf4 Rb5 49. Rxa6 Rxb2 {Game drawn on move 95} 1/2-1/2

[Event "Washington Chess Congress"]
[Site "Washington D.C."]
[Date "2015.10.09"]
[Round "4.3"]
[White "Yudasin, Leonid"]
[Black "Zierk, Steven"]
[Result "1-0"]
[WhiteElo "2515"]
[BlackElo "2498"]
[PlyCount "101"]
[EventDate "2015.10.??"]
[EventType "swiss"]
[EventRounds "9"]
[EventCountry "USA"]

1. e4 c5 2. Nf3 d6 3. c3 Nf6 4. Be2 g6 5. O-O Bg7 6. Bb5+ Nbd7 7. Re1 a6 8. Bf1
b5 9. d4 cxd4 10. cxd4 O-O 11. Nbd2 Qb6 12. b3 e5 13. Bb2 Bb7 14. a4 Rfe8 15.
h3 bxa4 16. Rxa4 Bc6 17. Ra2 exd4 18. Bxd4 Qb8 19. Qa1 Nh5 20. Bxg7 Nxg7 21.
Nd4 Bb7 22. Bxa6 Bxa6 23. Rxa6 Rxa6 24. Qxa6 Qb4 25. N4f3 Ne5 26. Re3 Nxf3+ 27.
Nxf3 Ne6 28. Qc6 Rb8 29. e5 Rd8 30. Rd3 Qc5 31. Qxc5 Nxc5 32. Rxd6 Rb8 33. Rd5
Nxb3 34. Ng5 h6 35. Ne4 Rc8 36. f4 Kf8 37. Kf2 h5 38. g4 hxg4 39. hxg4 Ke7 40.
Rb5 Nd4 41. Rb7+ Ke6 42. Ng5+ Kd5 43. Rd7+ Kc4 44. Rxf7 Kd3 45. e6 Rc2+ 46. Kg3
Rc1 47. e7 Re1 48. Nf3 Re3 49. e8=Q Ne2+ 50. Kf2 Rxe8 51. Ne5+ 1-0

[Event "Washington Chess Congress"]
[Site "Washington D.C."]
[Date "2015.10.09"]
[Round "4.4"]
[White "Mulyar, Michael"]
[Black "Kaufman, Larry C"]
[Result "1-0"]
[WhiteElo "2400"]
[BlackElo "2306"]
[PlyCount "51"]
[EventDate "2015.10.??"]
[EventType "swiss"]
[EventRounds "9"]
[EventCountry "USA"]

1. d4 d5 2. Nf3 Nf6 3. c4 c6 4. Nc3 e6 5. e3 Nbd7 6. Qc2 Bd6 7. b3 O-O 8. Bb2
b6 9. Bd3 Bb7 10. O-O Rc8 11. Qe2 Qe7 12. Rad1 Rfd8 13. e4 dxe4 14. Nxe4 Nxe4
15. Qxe4 Nf6 16. Qh4 Ba3 17. Ba1 h6 18. Rfe1 Bd6 19. Re3 Qf8 20. Ne5 g5 21. Qh3
c5 22. d5 exd5 23. Qf5 Ne4 24. Ng6 Qe8 25. Rxe4 dxe4 26. Qf6 1-0

[Event "Washington Chess Congress"]
[Site "Washington D.C."]
[Date "2015.10.09"]
[Round "4.5"]
[White "Samuelson, Andrew"]
[Black "Jacobson, Brandon"]
[Result "1/2-1/2"]
[WhiteElo "2185"]
[BlackElo "2265"]
[PlyCount "110"]
[EventDate "2015.10.??"]
[EventType "swiss"]
[EventRounds "9"]
[EventCountry "USA"]

1. e4 e5 2. Bc4 Nf6 3. d3 c6 4. Nf3 Be7 5. O-O d6 6. c3 O-O 7. Bb3 Nbd7 8. Re1
Qc7 9. Nbd2 b5 10. Nf1 Bb7 11. Ng3 Nc5 12. Bc2 Rfe8 13. Nf5 Bf8 14. Bg5 Ncd7
15. d4 h6 16. Bd2 c5 17. d5 Kh7 18. Qc1 c4 19. h3 Ng8 20. g4 g6 21. Ng3 Bg7 22.
Kg2 Ne7 23. h4 Nc5 24. Rh1 Qd7 25. Nh2 f5 26. gxf5 gxf5 27. exf5 Bxd5+ 28. f3
Nd3 29. Qf1 e4 30. Nxe4 Qxf5 31. Bxd3 cxd3 32. Ng3 Qf7 33. Qxd3+ Qg6 34. Qxg6+
Nxg6 35. Ng4 Ne5 36. Nxe5 Bxe5 37. Ne2 Rg8+ 38. Kf2 Raf8 39. Rh3 Be6 40. Rhh1
Bd5 41. Rh3 Be6 42. Rhh1 Bg4 43. f4 Bxe2 44. Kxe2 Rg2+ 45. Kd3 Bxf4 46. Rad1
Bxd2 47. Rxd2 Rff2 48. Rxf2 Rxf2 49. Re1 Rxb2 50. Re7+ Kg6 51. Rxa7 Kh5 52. Ra6
Kxh4 53. Rxd6 h5 54. Rd4+ Kg3 55. a4 bxa4 1/2-1/2

[Event "Washington Chess Congress"]
[Site "Washington D.C."]
[Date "2015.10.09"]
[Round "4.6"]
[White "Jacobson, Aaron"]
[Black "Brodsky, David"]
[Result "1/2-1/2"]
[WhiteElo "2119"]
[BlackElo "2251"]
[PlyCount "147"]
[EventDate "2015.10.??"]
[EventType "swiss"]
[EventRounds "9"]
[EventCountry "USA"]

1. e4 c6 2. c4 d5 3. exd5 cxd5 4. d4 Nf6 5. Nc3 Nc6 6. Bg5 Be6 7. Bxf6 exf6 8.
a3 g6 9. Be2 Bg7 10. cxd5 Bxd5 11. Nxd5 Qxd5 12. Bf3 Qd6 13. Ne2 f5 14. O-O O-O
15. b4 Nxd4 16. Nxd4 Bxd4 17. Bxb7 Rad8 18. Rc1 Bxf2+ 19. Kh1 Be3 20. Qxd6 Rxd6
21. Rcd1 Rfd8 22. Bf3 Bd2 23. b5 Rd4 24. Rf2 Be3 25. Rff1 Bg5 26. Rxd4 Rxd4 27.
Rd1 Ra4 28. Rd3 Be7 29. Bd1 Rxa3 30. Rxa3 Bxa3 31. Kg1 Bc5+ 32. Kf1 Bd6 33. h3
h5 34. Bf3 Kg7 35. Ke2 Kh6 36. Bd5 f6 37. Bc6 Kg5 38. Be8 f4 39. Kf3 f5 40. Bf7
Kf6 41. Be8 Bc7 42. Ke2 Kg5 43. Kf3 Bd6 44. Bf7 Kh6 45. Be6 Kg7 46. Ke2 Kf6 47.
Bd7 Ke7 48. Bc8 Bc7 49. Kf2 Kd6 50. Ke2 Kc5 51. Bd7 Kc4 52. Be8 g5 53. Kf2 g4
54. Bd7 Bb6+ 55. Kf1 Bc5 56. Be8 h4 57. Bd7 Bb6 58. Be8 Kd4 59. Bd7 Kc5 60. Be8
Kd6 61. Bh5 Kc5 62. Be8 Kd6 63. Bh5 f3 64. hxg4 fxg2+ 65. Kxg2 f4 66. g5 Ke5
67. Kh3 Bd8 68. Kxh4 Kf5 69. Kh3 Bxg5 70. Kg2 Ke4 71. Kf1 Bd8 72. Be8 Bb6 73.
Bd7 f3 74. Be8 1/2-1/2

[Event "Washington Chess Congress"]
[Site "Washington D.C."]
[Date "2015.10.09"]
[Round "4.7"]
[White "Nguyen, Trung"]
[Black "Gorti, Akshita"]
[Result "1/2-1/2"]
[WhiteElo "1916"]
[BlackElo "2211"]
[PlyCount "96"]
[EventDate "2015.10.??"]
[EventType "swiss"]
[EventRounds "9"]
[EventCountry "USA"]

1. d4 e6 2. c4 Nf6 3. Nf3 b6 4. g3 Bb7 5. Bg2 Be7 6. O-O O-O 7. Nc3 Ne4 8. Qc2
Nxc3 9. Qxc3 f5 10. Bf4 Bf6 11. Rfd1 Be4 12. Qe3 h6 13. h4 Re8 14. Rac1 d6 15.
Qd2 Nd7 16. b4 Qe7 17. c5 Nf8 18. Be3 e5 19. a3 Rad8 20. Qc3 Bxf3 21. Bxf3 f4
22. dxe5 dxe5 23. gxf4 Rxd1+ 24. Rxd1 exf4 25. Qc4+ Kh8 26. Bxf4 Bxh4 27. cxb6
cxb6 28. Qc7 Qf6 29. Bg3 Bxg3 30. fxg3 Qg6 31. Kf2 Qg5 32. Qf7 Qe3+ 33. Kg2 Qe7
34. Qxe7 Rxe7 35. Rd8 Rf7 36. Ra8 Kh7 37. Be4+ Ng6 38. Bd3 h5 39. Rc8 Kh6 40.
Rc6 Rf6 41. Rxf6 gxf6 42. Bxg6 Kxg6 43. b5 Kf5 44. Kf3 Ke5 45. e4 f5 46. exf5
Kxf5 47. Kg2 Kg4 48. Kf2 Kg5 1/2-1/2

[Event "Washington Chess Congress"]
[Site "Washington D.C."]
[Date "2015.10.09"]
[Round "4.8"]
[White "Yu, Jennifer"]
[Black "Sena, Juan Oscar"]
[Result "0-1"]
[WhiteElo "2220"]
[BlackElo "2101"]
[PlyCount "110"]
[EventDate "2015.10.??"]
[EventType "swiss"]
[EventRounds "9"]
[EventCountry "USA"]

1. c4 e5 2. Nc3 Nc6 3. Nf3 g6 4. g3 Bg7 5. Bg2 d6 6. O-O Nf6 7. d4 exd4 8. Nxd4
Bd7 9. Be3 Ng4 10. Nxc6 Nxe3 11. Nxd8 Nxd1 12. Nxb7 Nxc3 13. bxc3 Rb8 14. Rab1
O-O 15. Rfc1 Rfe8 16. e3 Re5 17. Rb3 Bf8 18. Re1 g5 19. Ra3 d5 20. Rxa7 dxc4
21. Rd1 Bg4 22. Rd2 Rb5 23. h3 Bf5 24. Nd8 Rb1+ 25. Kh2 R1b2 26. Rxb2 Rxb2 27.
Rxc7 Bg6 28. Rxc4 Rxf2 29. a4 Bd3 30. Rg4 h6 31. Kg1 Rc2 32. Nb7 Rxc3 33. Rd4
Ba6 34. Rd7 Rxe3 35. Bd5 Be7 36. Kf2 Re5 37. Nd8 Kf8 38. Nc6 Rf5+ 39. Ke3 Bc5+
40. Ke4 Rf1 41. Nd8 Re1+ 42. Kf3 Re3+ 43. Kg2 Re2+ 44. Kf3 Rf2+ 45. Ke4 Be7 46.
Nc6 Ba3 47. Nd8 Re2+ 48. Kf3 Bc5 49. Nb7 Rf2+ 50. Ke4 Re2+ 51. Kf3 Be7 52. Nd6
Rd2 53. Nf5 Bc8 54. Rxe7 Rxd5 55. Ne3 Ra5 0-1

[Event "Washington Chess Congress"]
[Site "Washington D.C."]
[Date "2015.10.10"]
[Round "4.10"]
[White "Karell, Leif"]
[Black "Taborsky, Rostislav"]
[Result "1-0"]
[WhiteElo "1961"]
[BlackElo "2220"]
[PlyCount "80"]
[EventDate "2015.10.??"]
[EventType "swiss"]
[EventRounds "9"]
[EventCountry "USA"]

1. Nf3 c5 2. c4 Nf6 3. Nc3 Nc6 4. g3 d5 5. cxd5 Nxd5 6. Bg2 Nc7 7. O-O e5 8. d3
Be7 9. b3 O-O 10. Bb2 b6 11. a3 Re8 12. Qc2 Rb8 13. e3 Bb7 14. Rfd1 Ne6 15. Ne4
Bd6 16. Rd2 Bc7 17. Rad1 Qe7 18. h4 Rbd8 19. Neg5 Nxg5 20. Nxg5 h6 21. Nf3 Bd6
22. Qc3 f6 23. Qc4+ Kh8 24. Kh2 Na5 25. Qg4 Nxb3 26. Rc2 Bc8 27. Qa4 Na5 28.
Rcd2 Bd7 29. Qc2 Be6 30. Re1 Nb3 31. Rde2 Rc8 32. h5 Qf7 33. Nh4 Qxh5 34. Bf3
Qf7 35. Be4 f5 36. Bxf5 Bxf5 37. Nxf5 Qxf5 38. Qxb3 e4 39. dxe4 Rxe4 40. Rd2
Bc7 {Black loses on time} 1-0

[Event "Washington Chess Congress"]
[Site "Washington D.C."]
[Date "2015.10.09"]
[Round "4.11"]
[White "Darmonovic, Srdjan"]
[Black "Stancil, Kimani A"]
[Result "1-0"]
[WhiteElo "2211"]
[BlackElo "2042"]
[PlyCount "71"]
[EventDate "2015.10.??"]
[EventType "swiss"]
[EventRounds "9"]
[EventCountry "USA"]

1. Nf3 c5 2. c4 Nf6 3. g3 b6 4. Bg2 Bb7 5. O-O e6 6. Nc3 Be7 7. Re1 d6 8. e4 a6
9. d4 cxd4 10. Nxd4 Qc7 11. Be3 O-O 12. Rc1 Nbd7 13. f4 Ra7 14. g4 Nc5 15. Bf2
Kh8 16. g5 Ng8 17. h4 f5 18. b4 Nxe4 19. Nxe4 fxe4 20. Nxe6 Qd7 21. Nxf8 Bxf8
22. Bxe4 Bxe4 23. Rxe4 Ne7 24. Qe2 Rb7 25. Rd1 h6 26. Re6 Nf5 27. Qe4 Qa4 28.
Re1 Rf7 29. g6 d5 30. cxd5 Qd7 31. gxf7 Qxf7 32. a3 a5 33. Rxb6 axb4 34. axb4
Be7 35. Qe6 Qf8 36. Rc6 1-0

[Event "Washington Chess Congress"]
[Site "Washington D.C."]
[Date "2015.10.09"]
[Round "4.12"]
[White "Trifale, Sharvil"]
[Black "Balkhamishvili, Tamar"]
[Result "1/2-1/2"]
[WhiteElo "1901"]
[BlackElo "2065"]
[PlyCount "48"]
[EventDate "2015.10.??"]
[EventType "swiss"]
[EventRounds "9"]
[EventCountry "USA"]

1. c4 f5 2. g3 Nf6 3. Bg2 g6 4. Nc3 Bg7 5. d3 d6 6. e3 c6 7. Nge2 O-O 8. b4 e5
9. O-O Be6 10. Rb1 d5 11. cxd5 Nxd5 12. Na4 Qe7 13. Nc5 Bf7 14. Bd2 Rd8 15. Qc2
Qc7 16. Rfc1 Nd7 17. Rd1 Rac8 18. e4 Ne7 19. Bg5 Nf6 20. Nb3 h6 21. Be3 Ng4 22.
Bc5 b6 23. Bxe7 Qxe7 24. a3 Kh8 1/2-1/2

[Event "Washington Chess Congress"]
[Site "Washington D.C."]
[Date "2015.10.09"]
[Round "4.13"]
[White "Wang, Justin"]
[Black "Jian, Alex"]
[Result "0-1"]
[WhiteElo "2046"]
[BlackElo "1907"]
[PlyCount "104"]
[EventDate "2015.10.??"]
[EventType "swiss"]
[EventRounds "9"]
[EventCountry "USA"]

1. e4 c5 2. c3 d5 3. exd5 Qxd5 4. d4 Nf6 5. Nf3 Nc6 6. Be2 e6 7. Na3 a6 8. Nc4
Qd8 9. O-O cxd4 10. cxd4 Be7 11. a4 b6 12. Bf4 O-O 13. Rc1 Bb7 14. Nce5 Nxe5
15. Bxe5 Rc8 16. Qb3 Nd5 17. Bd3 Qd7 18. Bc4 Nb4 19. Rc3 b5 20. axb5 axb5 21.
Be2 Bd5 22. Qd1 Na2 23. Rxc8 Rxc8 24. Qd2 b4 25. Bf4 Qb7 26. Ra1 b3 27. Bd1 Nb4
28. h3 Nc2 29. Rc1 Bb4 30. Qe2 Bc4 31. Qe5 f6 32. Qh5 Bd3 33. Bd2 Ba3 34. Bxc2
Bxc2 35. bxa3 b2 36. Re1 b1=Q 37. Rxb1 Qxb1+ 38. Kh2 Bf5 39. Qh4 Qd3 40. Bb4
Be4 41. Qg4 f5 42. Qf4 Bxf3 43. gxf3 Qe2 44. Kg2 Rc2 45. Qg3 Rc1 46. Qb8+ Kf7
47. Qf8+ Kg6 48. Kg3 h6 49. Qe8+ Kh7 50. Qf7 Rf1 51. Bf8 Qxf2+ 52. Kf4 Qxf3+
0-1

[Event "Washington Chess Congress"]
[Site "Washington D.C."]
[Date "2015.10.09"]
[Round "4.14"]
[White "Currie, James"]
[Black "Hung, Daniel"]
[Result "1-0"]
[WhiteElo "2043"]
[BlackElo "1538"]
[PlyCount "75"]
[EventDate "2015.10.??"]
[EventType "swiss"]
[EventRounds "9"]
[EventCountry "USA"]

1. e4 e6 2. d3 d5 3. Nd2 Nf6 4. Ngf3 c5 5. g3 Nc6 6. Bg2 Bd6 7. O-O O-O 8. Re1
Qc7 9. Qe2 dxe4 10. dxe4 e5 11. c3 b6 12. Nh4 Re8 13. Nf5 Bf8 14. Nf1 Ne7 15.
Nxe7+ Rxe7 16. Ne3 g6 17. Nd5 Nxd5 18. exd5 Qd6 19. Bg5 Re8 20. f4 e4 21. g4 f5
22. Rad1 h6 23. Bh4 fxg4 24. Bxe4 Bf5 25. Qd3 Rxe4 26. Rxe4 g5 27. fxg5 Qg6 28.
d6 Bxe4 29. Qc4+ Kh8 30. d7 Be7 31. Re1 Bd3 32. Qd5 Rf8 33. Qe5+ Bf6 34. gxf6
Bb5 35. Qe7 Kg8 36. d8=Q Rxd8 37. Qxd8+ Kh7 38. Re7+ 1-0

[Event "Washington Chess Congress"]
[Site "Washington D.C."]
[Date "2015.10.09"]
[Round "4.15"]
[White "Checa, Nicolas D"]
[Black "Balck, Eric"]
[Result "1-0"]
[WhiteElo "2437"]
[BlackElo "1974"]
[PlyCount "96"]
[EventDate "2015.10.??"]
[EventType "swiss"]
[EventRounds "9"]
[EventCountry "USA"]

1. d4 Nf6 2. Nf3 g6 3. c4 Bg7 4. Nc3 d6 5. e4 O-O 6. Be2 e5 7. O-O Na6 8. Be3
Ng4 9. Bg5 f6 10. Bd2 exd4 11. Nxd4 f5 12. Bxg4 fxg4 13. Be3 c6 14. Nde2 Be6
15. Bd4 Bh6 16. b3 Qe7 17. Qd3 Nc5 18. Qg3 Bc8 19. e5 dxe5 20. Bxe5 Rd8 21.
Rad1 Nd3 22. Bd4 Bf5 23. Rxd3 Bxd3 24. Qxd3 Rd7 25. Qg3 Qe6 26. Bxa7 b5 27. Be3
Rd3 28. Nd4 Qd7 29. Ne4 Bg7 30. Nc5 Qxd4 31. Bxd4 Rxg3 32. Bxg7 Kxg7 33. hxg3
Rxa2 34. Rc1 bxc4 35. Rxc4 Ra1+ 36. Kh2 Ra2 37. Ne6+ Kf6 38. Rxc6 Rxf2 39. b4
Rb2 40. b5 Ke5 41. Nc7 g5 42. Rh6 Rb1 43. Rxh7 Kd6 44. Ne8+ Ke5 45. Rg7 Kf5 46.
Re7 Rb2 47. Nd6+ Kg6 48. Rb7 Kh5 1-0

[Event "Washington Chess Congress"]
[Site "Washington D.C."]
[Date "2015.10.09"]
[Round "4.16"]
[White "Prieto, Alberto"]
[Black "Tia Jr, Rudy"]
[Result "1-0"]
[WhiteElo "2010"]
[BlackElo "2146"]
[PlyCount "106"]
[EventDate "2015.10.??"]
[EventType "swiss"]
[EventRounds "9"]
[EventCountry "USA"]

1. f4 d6 2. Nf3 Bg4 3. e4 c6 4. Nc3 e6 5. h3 Bxf3 6. Qxf3 Nf6 7. d3 d5 8. Be2
Qb6 9. f5 d4 10. Nd1 exf5 11. Qxf5 Nbd7 12. e5 Qa5+ 13. Bd2 Qxe5 14. Qf3 Bd6
15. Nf2 O-O 16. O-O-O Qd5 17. Qxd5 Nxd5 18. Bf3 Ne3 19. Rde1 Bg3 20. Re2 Bxf2
21. Rxf2 f5 22. g3 Rae8 23. Re1 g5 24. Rfe2 f4 25. gxf4 gxf4 26. c3 Nc5 27.
Rg1+ Kh8 28. cxd4 Nxd3+ 29. Kb1 Nd5 30. Rxe8 Rxe8 31. Bxd5 cxd5 32. Kc2 Nf2 33.
Rg5 Re2 34. Rxd5 Nxh3 35. Kd3 Rh2 36. Rf5 Kg8 37. d5 Rg2 38. d6 Rg7 39. Bc3 Rd7
40. Be5 Rf7 41. Bf6 h6 42. Kd4 Ng5 43. Kd5 f3 44. Ke5 Kf8 45. d7 Rxd7 46. Bxg5+
Kg7 47. Bf6+ Kg6 48. Rxf3 Rd2 49. Rg3+ Kh5 50. Kf4 Rd6 51. Kf5 Rd5+ 52. Be5 Kh4
53. Rg4+ Kh3 1-0

[Event "Washington Chess Congress"]
[Site "Washington D.C."]
[Date "2015.10.09"]
[Round "4.18"]
[White "Dommalapati, Aasa"]
[Black "Shen, Christopher"]
[Result "0-1"]
[WhiteElo "1646"]
[BlackElo "2081"]
[PlyCount "108"]
[EventDate "2015.10.??"]
[EventType "swiss"]
[EventRounds "9"]
[EventCountry "USA"]

1. e4 e6 2. d4 d5 3. Nc3 dxe4 4. Nxe4 Bd7 5. Nf3 Bc6 6. Bd3 Nd7 7. O-O Be7 8.
c3 Ngf6 9. Nxf6+ Bxf6 10. Re1 O-O 11. Ne5 Nxe5 12. dxe5 Bg5 13. f4 Be7 14. Be3
Qd5 15. Qc2 Rad8 16. Red1 Kh8 17. Bf1 Qa5 18. b4 Qa4 19. Qxa4 Bxa4 20. Re1 Rc8
21. a3 c5 22. Ra2 cxb4 23. axb4 b5 24. Bd4 Rfd8 25. Rd2 Rd7 26. Re3 Kg8 27.
Red3 Kf8 28. g4 h6 29. f5 Kg8 30. Bh3 Bg5 31. Rf2 Bb3 32. Bg2 a6 33. Be4 Bd5
34. Bxd5 Rxd5 35. Rf1 Rcd8 36. Rfd1 Bf4 37. fxe6 fxe6 38. Kf2 Bxe5 39. h3 Bxd4+
40. cxd4 Rc8 41. Ke3 Rc4 42. Rb1 Kf7 43. Rbb3 Kf6 44. Rb2 h5 45. Rf2+ Kg5 46.
Rb2 hxg4 47. hxg4 e5 48. dxe5 Rxe5+ 49. Kf3 Rf4+ 50. Kg3 Rxg4+ 51. Kf3 Rf5+ 52.
Ke3 Rg3+ 53. Kd4 Rf4+ 54. Kc3 Rc4+ 0-1

[Event "Washington Chess Congress"]
[Site "Washington D.C."]
[Date "2015.10.09"]
[Round "4.19"]
[White "Mays, Shelly"]
[Black "Potula, Kapish"]
[Result "0-1"]
[WhiteElo "2033"]
[BlackElo "1902"]
[PlyCount "52"]
[EventDate "2015.10.??"]
[EventType "swiss"]
[EventRounds "9"]
[EventCountry "USA"]

1. d4 e6 2. Nf3 Nf6 3. e3 d5 4. Bd3 Be7 5. O-O O-O 6. Nbd2 b6 7. Ne5 c5 8. b3
Bb7 9. Bb2 Nbd7 10. f4 Ne4 11. c4 Nxe5 12. Bxe4 Nd7 13. Bc2 Nf6 14. Qf3 Qd7 15.
Qh3 h6 16. Rad1 Rac8 17. f5 b5 18. fxe6 fxe6 19. dxc5 bxc4 20. Nxc4 Bxc5 21.
Ne5 Qd6 22. Bb1 Qb6 23. Bd4 Bxd4 24. exd4 Ba6 25. Rxf6 Rxf6 26. Nd7 Qxd4+ 0-1

[Event "Washington Chess Congress"]
[Site "Washington D.C."]
[Date "2015.10.09"]
[Round "4.20"]
[White "De Fotis, Gary"]
[Black "Macaspac, Arthur"]
[Result "1/2-1/2"]
[WhiteElo "1998"]
[BlackElo "2083"]
[PlyCount "41"]
[EventDate "2015.10.??"]
[EventType "swiss"]
[EventRounds "9"]
[EventCountry "USA"]

1. d4 d5 2. c4 c6 3. Nf3 Nf6 4. Nc3 e6 5. e3 Nbd7 6. Bd3 dxc4 7. Bxc4 b5 8. Bd3
b4 9. Ne4 Nxe4 10. Bxe4 Bb7 11. O-O Bd6 12. Bd2 f5 13. Bd3 Qe7 14. Rc1 c5 15.
dxc5 Bxc5 16. Bb5 Bd6 17. Qa4 Bxf3 18. gxf3 Bxh2+ 19. Kxh2 Qh4+ 20. Kg2 Qg5+
21. Kh3 1/2-1/2

[Event "Washington Chess Congress"]
[Site "Washington D.C."]
[Date "2015.10.09"]
[Round "4.21"]
[White "Helfst, Matt"]
[Black "Yagiz, Bora"]
[Result "1-0"]
[WhiteElo "1938"]
[BlackElo "1952"]
[PlyCount "108"]
[EventDate "2015.10.??"]
[EventType "swiss"]
[EventRounds "9"]
[EventCountry "USA"]

1. b3 d6 2. d4 f5 3. Bb2 Nf6 4. Nf3 g6 5. g3 Bg7 6. Bg2 O-O 7. O-O Nh5 8. Nbd2
Nc6 9. Nc4 e6 10. d5 Bxb2 11. Nxb2 exd5 12. Qxd5+ Kg7 13. Nd4 Ne7 14. Ne6+ Bxe6
15. Qxe6 Rf6 16. Qe3 d5 17. Bf3 Rc6 18. Bxh5 gxh5 19. c4 Ng6 20. Rad1 Qf6 21.
Rd2 dxc4 22. Rd7+ Kg8 23. Nxc4 Nf8 24. Rd2 h4 25. Qf3 Ng6 26. Ne3 Rf8 27. Nd5
Qg5 28. e3 h3 29. Rd4 Rc2 30. Nb4 Rc3 31. Rd7 Rf7 32. Qd5 Qf6 33. Rd8+ Kg7 34.
Qd1 Qe5 35. Nd5 Rc5 36. b4 Rc6 37. Qh5 Qe4 38. Qxh3 Rc2 39. Qh5 Rxa2 40. Rd1
Qe5 41. Nf4 Ra1 42. Qg5 Rxd1+ 43. Rxd1 Qe7 44. Nh5+ Kg8 45. Rd8+ Rf8 46. Nf6+
Kh8 47. Rxf8+ Qxf8 48. Qxf5 Qxb4 49. Qd7 Qe7 50. Qd4 Qe5 51. Qd8+ Kg7 52. Ne8+
Kf7 53. Nxc7 a5 54. Qd7+ Kf6 1-0